00696nam a2200181Ia 450000500170000000800460001703700290006304000200009204100130011208400210012524500720014624500390021826000090025754601060026694200190037299900210039195201020041220250508154203.0008 250505s9999 xx 000 0 eng d aBooks to be hide in OPAC aFEDLbengcFEDL aeng2eng a150, AME/OqFEDL 0aPsychological monographs. General and applied. Vol 72 No.1, 2 & 10 0cAMERICAN PSYCHOLOGICAL ASSOCIATION c1958 aThe use of rotter's social learning theory in developing a personality inventory by Shephard Liverant cHBh150, AME/O c1348411d1348411 00104070aFEDLbFEDLd2025-05-08l0o150, AME/OpEL0032123r2025-05-08 15:42:03w2025-05-08yHB